Bad Reviews - Sabrina Carpenter - Statistics

General Stats
  • This quiz has been taken 30 times
  • The average score is 128 of 156
Answer Stats
% Correct
all
100%
All
100%
an
100%
and
100%
And
100%
bad
100%
I
100%
I,
100%
reviews
100%
you
100%
heard
95%
I've
95%
my
95%
not
95%
the
95%
them
95%
to
95%
too
95%
be
90%
boy
90%
even
90%
in
90%
news
90%
But
85%
had
85%
love
85%
so
85%
So
85%
that's
85%
who
85%
your
85%
are
80%
boyfriend
80%
can't
80%
'Cause
80%
choose
80%
Couple
80%
cut
80%
feelings,
80%
for
80%
got
80%
I'm
80%
loose
80%
me
80%
me,
80%
still
80%
Still
80%
well,
80%
with
80%
you're
80%
another
75%
Been
75%
like
75%
lose
75%
doesn't
70%
good
70%
Just
70%
of
70%
out
70%
want
70%
any
65%
blue
65%
flags
65%
fresh
65%
friends
65%
gut
65%
If
65%
long,
65%
long
65%
prove
65%
red
65%
someone
65%
somethin'
65%
again
60%
alone
60%
awareness
60%
it's
60%
refuse
60%
save
60%
tryna
60%
wrong
60%
careless,
55%
close
55%
eye,
55%
least
55%
rehab
55%
self
55%
Short
55%
almost
50%
baths
50%
fuse
50%
intentionally
50%
judgment
50%
Ooh,
45%
No matching quizzes found
Score Distribution
Percent of People with Each Score
Percentile by Number Answered
Your Score History
You have not taken this quiz